000 00425cam a22001337a 4500
008 180718b1987 xxu||||| |||| 00| 0 eng d
082 _aA81x54 In2/81/1/Pt3B/3
100 _aCensus of India 1981
245 _aIndia: general economic tables
260 _aDelhi
_bThe Controller of Publications
_c1987
300 _a1347+p.
440 _aCensus of India 1981. Series-1, India. Part III-B (iii)
500 _aContents: Table B-18
999 _c481836
_d481836